New Construction Orders: March 2003 (Record no. 72606)
[ view plain ]
| 000 -LEADER | |
|---|---|
| fixed length control field | 00974cam a2200217 4500 |
| 001 - CONTROL NUMBER | |
| control field | WB3916-01 |
| 008 - FIXED-LENGTH DATA ELEMENTS--GENERAL INFORMATION | |
| fixed length control field | 030501n2003 000 0 eng u |
| 035 ## - SYSTEM CONTROL NUMBER | |
| System control number | (Sirsi) u122166 |
| 245 ## - TITLE STATEMENT | |
| Title | New Construction Orders: March 2003 |
| 260 ## - PUBLICATION, DISTRIBUTION, ETC. | |
| Date of publication, distribution, etc. | 2003 |
| 490 ## - SERIES STATEMENT | |
| Series statement | DTI Press Release |
| Volume/sequential designation | (C-0503) 1 May 2003 (2) |
| 520 ## - SUMMARY, ETC. | |
| Summary, etc. | Includes figures giving orders for the 12 months to March 2003 which rose by 3% compared with orders in the previous 12 months. In the first quarter of 2003, orders rose by 3% compared to the previous quarter. Public non housing orders rose 36% in comparison with the previous 12 months. For the DTI Press Release: http://www.gnn.gov.uk/gnn/national.nsf/TI/05C4C241A592760980256D19003E7576?opendocument |
| 590 ## - LOCAL NOTE (RLIN) | |
| Local note | WB |
| 650 ## - SUBJECT ADDED ENTRY--TOPICAL TERM | |
| Topical term or geographic name entry element | CONSTRUCTION ORDERS |
| 650 ## - SUBJECT ADDED ENTRY--TOPICAL TERM | |
| Topical term or geographic name entry element | PRIVATE HOUSING |
| 650 ## - SUBJECT ADDED ENTRY--TOPICAL TERM | |
| Topical term or geographic name entry element | Infrastructure |
| 9 (RLIN) | 6246 |
| 650 ## - SUBJECT ADDED ENTRY--TOPICAL TERM | |
| Topical term or geographic name entry element | PRIVATE COMMERCIAL |
| 650 ## - SUBJECT ADDED ENTRY--TOPICAL TERM | |
| Topical term or geographic name entry element | PRIVATE INDUSTRIAL |
| 690 ## - LOCAL SUBJECT ADDED ENTRY--TOPICAL TERM (OCLC, RLIN) | |
| Topical term or geographic name as entry element | BUILT ENVIRONMENT-BUILDING COSTS |
| 942 ## - ADDED ENTRY ELEMENTS (KOHA) | |
| Suppress in OPAC | 0 |
| Withdrawn status | Lost status | Source of classification or shelving scheme | Damaged status | Not for loan | Home library | Current library | Shelving location | Date acquired | Total Checkouts | Full call number | Barcode | Date last seen | Copy number | Price effective from | Koha item type |
|---|---|---|---|---|---|---|---|---|---|---|---|---|---|---|---|
| Dewey Decimal Classification | London | London | News article | 01/05/2003 | WB3916-01 | 122166-1001 | 06/08/2019 | 1 | 06/08/2019 | News article |